Философская энциклопедия (Запис № 387493)

МАРК-запис
000 -Лідер
fixed length control field 00617nam a22002177a 4500
003 - Ідентифікатор контрольного номера
control field UA-OsUOA
001 - Контрольний номер
control field 101300
007 - Фіксоване поле фізичного опису
fixed length control field ta
008 - Елементи даних фіксованої довжини – загальна інформація
fixed length control field 20130612b un ||||| |||| 00| 0 ukr d
090 ## - Локальний шифр розміщення
Класифікаційний індекс УДК (031)1
Авторський знак (НП) Ф56
040 ## - Джерело каталогізації
Агенція оригінальної каталогізації UA-OsUOA
Мова каталогізації rus
Агенція, яка здійснювала перезапис UA-OsUOA
Агенція, яка здійснювала модифікацію UA-OsUOA
041 ## - Код мови
Код мови тексту/ звукової доріжки чи окремого заголовка (П) rus
080 ## - Індекс Універсальної десяткової класифікації
Індекс Універсальної десяткової класифікації (УДК) (НП) (031)1
245 ## - Відомості про назву
Назва (НП) Философская энциклопедия
Дані про відповідальність (НП) гл. ред. Ф. В. Константинов
Номер частини/ розділу роботи (П) Т. 1
260 ## - Публікація, розповсюдження і т.п. (Вихідні дані)
Місце публікації, розповсюдження і т.п. (П) М.
Ім’я/ наймення видавництва, розповсюджувача і т.п. (П) Советская энциклопедия
Дата публікації, розповсюдження і т.п. (П) 1960
300 ## - Фізичний опис
Обсяг 503 с.
650 #7 - Додаткове предметне введення – тематичний термін
Тематичний термін чи географічна назва, як елемент введення (НП) 0 Загальний відділ.
Джерело заголовка чи терміна UDC
942 ## - Додаткові елементи входу (Коха)
Тип елемента Koha Книги
955 ## - Код типу видання за змістом
Код типу видання за змістом (НП) Навчальні видання
Фонди
Стан вилучень Стан втрат Джерело класифікації або схеми стелажів Стан уражень Не для кредиту Постійне місце розташування Поточне розміщення Дата придбання Джерело придбання Вартість, звичайна ціна покупки Інвентарний номер Усього замовленно Повний номер виклику Штрих-код Дата останнього перегляду Ціна ефективна від Тип елемента Koha Код колекції
    Universal Decimal Classification     ЧЗ - Читальна зала ЧЗ - Читальна зала 12/06/2013 42/2013 10.00 142909   (031)1 Ф56 142909 07/02/2022 12/06/2013 Книги  
    Universal Decimal Classification     ЧЗ - Читальна зала ЧЗ - Читальна зала 16/10/2018 44/2018 10.00 160010   (031)1 Ф56 160010 06/02/2022 12/06/2013 Книги Колекція Закидальського Т.